000 00371nam a22001457a 4500
999 _c15595
_d15595
003 OSt
008 190517b ||||| |||| 00| 0 eng d
020 _a9788170358923
082 _a631.30954
_bMAN/ME
100 _aMandhar, S C
_94075
245 _aMechanization of horticulture
260 _aNew Delhi
_bNew India Publishing House
_c2014
300 _a432 p.
942 _cBK